[Event "UKR-ch Women 2020"]
[Site "Kherson"]
[Date "2020.12.14"]
[Round "9.4"]
[White "Rakhmangulova, Anastasiya"]
[Black "Berdnyk, Mariia"]
[Result "1-0"]
[WhiteElo "2132"]
[BlackElo "2324"]
[Annotator "TA"]
[PlyCount "79"]
[EventDate "2020.12.06"]
[EventType "swiss"]
[EventCountry "UKR"]
[SourceTitle "playchess.com"]
[Source "ChessBase"]
[SourceQuality "1"]

{[%evp 14,79,15,0,19,14,24,22,30,6,17,18,39,36,31,0,16,14,29,10,83,71,121,124,175,56,54,56,164,165,194,170,245,285,233,152,262,220,308,306,303,287,319,185,662,638,606,585,875,805,787,778,1283,1272,1262,1264,1183,1183,1193,1150,1344,1316,29976,29969,7057,6407,29988,29989]} 1. e4 c5 2. Nf3 d6 3. d4 cxd4 4. Nxd4 Nf6 5. Nc3 g6 6. g3 Nc6 {outshines the older 6...Bg7.} 7. Nde2 Bg7 8. Bg2 h5 {B70: Sicilian Dragon: 6 g3 and 6 Be2 (without a later Be3).} 9. h3 Be6 10. Nd5 Qc8 {[#] The position is equal.} 11. a4 $146 ({Predecessor:} 11. c3 Ne5 12. Nef4 Nxd5 13. Nxd5 h4 14. f4 Nd7 15. g4 Bxd5 16. exd5 Qc4 17. Qe2 Bxc3+ 18. bxc3 Qxc3+ {1-0 (61) Bakunts,R (2200)-Harutyunian,T (2237) Yerevan 2012}) 11... Ne5 12. Ra3 Nc4 13. Ra2 $1 Ne5 14. Nd4 Nxd5 15. exd5 Bd7 16. b3 Qc3+ {[#]} (16... h4 $11) 17. Kf1 $1 $16 Qc8 18. c4 Bf5 {[#]} (18... Qc5 $16) 19. Nxf5 ({Better is} 19. Be3 $1 $18) 19... Qxf5 $14 20. Re2 O-O {Black is now going downhill.} (20... Qd3 $1 $14 21. Qxd3 Nxd3) 21. Be4 $18 Qc8 22. Kg2 h4 (22... a6 $142 23. Bg5 Bf6) 23. f4 Nd7 24. g4 Nc5 (24... a6 $16 {was called for.}) 25. Bc2 e5 26. f5 e4 27. Rf1 Bf6 28. Bh6 (28. fxg6 $142 fxg6 29. Bxe4 Nxe4 30. Qd3) 28... Bg7 $2 (28... g5) 29. Bxg7 Kxg7 30. f6+ Kh6 31. Qe1 {[%cal Re1h4]} g5 32. Rf5 a5 33. Rxe4 Nxe4 34. Bxe4 {White wants to mate with Qxh4+!} Qxf5 35. Bxf5 Rae8 36. Qf2 Re5 37. Bd7 Kg6 38. Qb6 Re2+ 39. Kf1 Rb2 40. Qxd6 {Weighted Error Value: White=0.16/Black=0.99} 1-0

[Event "UKR-ch Women 2020"]
[Site "Kherson"]
[Date "2020.12.14"]
[Round "9.5"]
[White "Grigorchuk, Katerina"]
[Black "Petrova, Irina"]
[Result "0-1"]
[WhiteElo "1767"]
[BlackElo "2077"]
[Annotator "TA"]
[PlyCount "110"]
[EventDate "2020.12.06"]
[EventType "swiss"]
[EventCountry "UKR"]
[SourceTitle "playchess.com"]
[Source "ChessBase"]
[SourceQuality "1"]

{[%evp 16,110,45,49,54,26,32,0,39,41,37,0,0,0,0,0,0,0,0,0,12,0,3,-30,0,-22,23,0,0,0,0,-37,0,-7,-16,-81,-87,-69,-21,-35,-49,-107,-81,-169,-167,-158,-155,-222,-197,-258,-263,-383,-341,-335,-335,-337,-329,-312,-312,-316,-316,-335,-313,-314,-319,-318,-317,-414,-406,-502,-416,-594,-594,-589,-579,-589,-589,-555,-538,-530,-534,-1164,-1079,-2239,-2199,-2018,-1698,-12826,-6012,-29969,-29969,-29990,-29991,-29991,-29990,-29992,-29993]} 1. e4 d6 2. d4 Nf6 3. Nc3 e5 4. Nf3 Nbd7 5. Bc4 Be7 6. O-O O-O 7. a4 c6 8. Re1 b6 {8...a5 is a critical line.} 9. h3 Bb7 {C41: Philidor Defence.} 10. Be3 a6 11. d5 Qc7 {[#] The position is equal.} 12. dxc6 $146 ({Predecessor:} 12. Rc1 b5 13. dxc6 bxc4 14. cxb7 Qxb7 15. Rb1 Rac8 16. g4 Rfe8 17. Nd2 d5 18. exd5 Nxd5 {1-0 (39) Muskardin,M (2094)-Ostovic,M (2214) Sibenik 2010}) 12... Bxc6 13. Nd5 Bxd5 14. Bxd5 Nxd5 15. Qxd5 Nf6 (15... Qxc2 $2 16. Rec1 $18) 16. Qd3 d5 17. Qb3 ({Don't go for} 17. exd5 $2 e4 $19) 17... d4 18. Bg5 Rab8 19. Nh4 h6 (19... Nh5 $5 {[%cal Re7g5]} 20. Bxe7 Qxe7 $11) 20. Bd2 Rfc8 21. Nf5 Bf8 22. Qg3 Kh7 $36 {[%mdl 2048] Black has the initiative.} 23. Qh4 Ng8 ({Don't play} 23... Qxc2 $6 {[#]} 24. Bxh6 $1 {[%mdl 512]} gxh6 25. Qxf6 $16) (23... Nd7 $5 {[%cal Rc7c2]} 24. Rac1 Qd8 $15) 24. c3 g6 25. cxd4 (25. Ng3 $11 {keeps the balance.}) 25... gxf5 $17 26. dxe5 fxe4 27. Qxe4+ Kh8 28. Bf4 {White is on the road to losing.} (28. Bc3 $15) 28... Qc4 29. Qxc4 (29. e6 $17 {was worth a try.} Qxe4 30. Rxe4) 29... Rxc4 $19 30. g3 Re8 31. Re2 (31. Rec1 $17 Rb4 32. Rc2) 31... Ne7 32. Be3 (32. Rc1 {keeps fighting.} Rxa4 33. Rc7) 32... Nd5 33. Rd1 (33. a5 $142) 33... Nxe3 34. Rxe3 Rxa4 35. Rd7 Re7 36. Rd8 Kg7 37. f4 Rc7 38. Re2 Ra1+ 39. Kg2 Rac1 40. Kf3 R1c2 41. Re3 Rxb2 42. Kg4 Rbc2 43. Kf5 (43. Ra8 {might work better.}) 43... R2c3 44. Rxc3 Rxc3 {[%mdl 4096] Endgame KRB-KR} 45. Rd7 {If White can now play e6 this consolidates a bit.} Kg8 46. g4 a5 {[%cal Ba6a5,Ba5a4,Ba4a3,Ba3a2][%mdl 32]} 47. Rb7 Rc6 48. h4 a4 49. h5 a3 50. g5 hxg5 51. fxg5 Rc5 52. Rxb6 {[#]} Ra5 $1 {Black mates.} 53. g6 a2 54. gxf7+ Kxf7 55. Rb7+ Be7 {Weighted Error Value: White=0.38/Black=0.11} 0-1

[Event "UKR-ch Women 2020"]
[Site "Kherson"]
[Date "2020.12.14"]
[Round "9.6"]
[White "Doluhanova, Evgeniya"]
[Black "Grineva, Marianna"]
[Result "0-1"]
[WhiteElo "2229"]
[BlackElo "2001"]
[Annotator "TA"]
[PlyCount "78"]
[EventDate "2020.12.06"]
[EventType "swiss"]
[EventCountry "UKR"]
[SourceTitle "playchess.com"]
[Source "ChessBase"]
[SourceQuality "1"]

{[%evp 9,78,14,35,22,29,27,27,21,28,22,24,27,25,-30,-3,-53,-53,-81,-66,-49,-48,-50,-17,-70,0,-58,-4,-65,-31,-35,-48,-36,-35,-36,-36,-50,-43,-106,-24,-20,-6,-8,-15,-97,-89,-55,-39,-61,-31,-94,-88,-89,-54,-163,-75,-81,-38,-165,-39,-44,-62,-119,-75,-131,-116,-136,-76,-1184,-1177,-1450,-1178]} 1. c4 g6 2. Nc3 Bg7 3. b3 f5 4. Bb2 {[#]} d6 $146 ({Predecessor:} 4... Nf6 5. g3 O-O 6. Bg2 e5 7. e3 c6 8. d4 e4 9. d5 Na6 10. dxc6 Nb4 {1-0 (46) Soto,C (2165)-Ossa,O (2234) Cali 2017}) 5. e3 c6 6. h4 {A10: English Opening: Unusual Replies for Black.} Nf6 7. Be2 h6 8. Qc2 {White has an edge.} O-O 9. Nh3 e5 10. d4 Na6 11. a3 (11. Rd1 $142 Qc7 12. c5) 11... Ng4 12. dxe5 dxe5 13. g3 Be6 14. Nd1 ({But not} 14. Bxg4 $2 fxg4 15. Rd1 Qf6 $19) 14... Qd6 15. f3 Nf6 16. Nhf2 (16. Ndf2 $11) 16... Rae8 (16... Rad8 $15) 17. Bc3 (17. g4 $11) 17... Bf7 (17... b5 $15) 18. Nb2 ({White should try} 18. g4 $11) 18... f4 19. gxf4 exf4 20. e4 Nh5 21. Bxg7 Kxg7 22. Qc3+ Kh7 23. Nbd3 (23. Rh2 $15) 23... Nc5 (23... Ng3 $17 24. c5 Qe7) 24. Nxc5 $11 Qxc5 25. b4 $1 {[%cal Rb4c5]} Qe7 $36 {[%mdl 2048] Black fights for an advantage.} 26. Nd3 (26. c5 $11) 26... Ng3 $17 27. Rh2 Be6 28. Nc5 Bc8 29. Rd1 (29. Bd3 $15) 29... b6 30. Nb3 {[#]} Bf5 $1 {[%mdl 512] Threatens to win with ...Bxe4!} 31. Nd2 ({Better is} 31. Bd3 $15) (31. exf5 Qxe2+) 31... Be6 (31... c5 $19 {has better winning chances.} 32. Ra1 Bd7) 32. c5 b5 33. Qe5 (33. Bd3 $15) 33... Qb7 (33... Nxe2 $19 34. Kxe2 Rd8) 34. Qc3 Rd8 35. Nb1 ({White should play} 35. Bd3 $15) 35... Nxe2 36. Rxe2 (36. Kxe2 $142 Bc4+ 37. Ke1) 36... Qe7 37. Rh2 Bc4 (37... g5 $142 38. Rd6 gxh4) 38. h5 $2 {[%mdl 8192]} (38. Rdd2 $17) 38... Qg5 $19 {[%cal Rg5g1] [#]} 39. hxg6+ Qxg6 {Weighted Error Value: White=0.53/Black=0.28} 0-1

[Event "UKR-ch Women 2020"]
[Site "Kherson"]
[Date "2020.12.14"]
[Round "9.7"]
[White "Shpanko, Nadiia"]
[Black "Gaponenko, Inna"]
[Result "0-1"]
[WhiteElo "2235"]
[BlackElo "2390"]
[Annotator "TA"]
[PlyCount "106"]
[EventDate "2020.12.06"]
[EventType "swiss"]
[EventCountry "UKR"]
[SourceTitle "playchess.com"]
[Source "ChessBase"]
[SourceQuality "1"]

{[%evp 12,106,21,3,-4,-21,-14,-23,-12,-22,-20,-16,-17,-58,-77,-141,-109,-156,-156,-175,-178,-275,-272,-258,-239,-370,-338,-461,-462,-686,-664,-703,-400,-400,-404,-585,-563,-631,-401,-400,-372,-372,-359,-358,-339,-314,-303,-383,-270,-267,-255,-780,-738,-709,-380,-365,-354,-339,-250,-257,-243,-419,-341,-339,-263,-318,-237,-237,-237,-351,-216,-228,-235,-200,-99,-88,-83,-83,-83,-88,-110,-136,-77,-336,-336,-275,-163,-163,-163,-308,-301,-29979,-29979,-29984,-29985,-29985,-29986]} 1. d4 Nf6 2. c4 g6 3. Nc3 d5 4. cxd5 Nxd5 5. Bd2 Bg7 6. Nf3 O-O 7. e3 c5 {D94: Grünfeld: 4 Nf3 Bg7 5 e3.} 8. Qb3 Nxc3 9. Bxc3 cxd4 {Black has an edge.} 10. Nxd4 e5 11. Nb5 Be6 {[#]} 12. Qa3 $146 ({Predecessor:} 12. Bc4 Bxc4 13. Qxc4 a6 14. Nc7 Qc8 15. Bb4 Rd8 16. Rc1 b5 17. Qc2 Ra7 18. O-O {½-½ (66) Duong,T-Areshchenko,A (2533) Kuala Lumpur 2002}) 12... Nc6 13. Rd1 ({White should play} 13. Be2) 13... Qb6 $1 $17 14. Qa4 a6 $1 $36 {[%cal Ra6b5][%mdl 2048] Keeping White busy.} 15. Nd6 Qc7 $1 {...Rfd8 is the strong threat.} 16. a3 (16. Rd2 $142) 16... b5 $1 $19 {[%cal Rb5a4]} 17. Qc2 {[#]} Nd4 $1 {[%cal Rd4c2][%mdl 512]} 18. Qb1 (18. exd4 exd4 19. Be2 dxc3 $19) (18. Qd2 $142 Bg4 19. exd4 exd4 20. Ba5 Qxd6 21. f3) (18. Bxd4 Qxc2) 18... Bb3 (18... Qxd6 19. Bd3 $19) 19. Rd2 Qxd6 20. Bb4 (20. Bd3 $142 Rfe8 21. Ba5) 20... Qc6 21. exd4 Rfe8 22. d5 Bxd5 23. Rg1 (23. Rc2 {was called for.} Qb7 24. Re2) 23... a5 24. Qd1 Red8 25. Be7 Rd7 {Threatens to win with ...Bh6.} 26. Bg5 h6 27. Be3 f5 28. g3 Rad8 29. h4 Kh8 {Strongly threatening ...f4!} 30. Be2 a4 31. f4 $2 (31. Qc2) 31... exf4 32. gxf4 Bb3 33. Rxd7 Rxd7 (33... Bxd1 $2 {is the wrong capture.} 34. Rxd8+ Kh7 35. h5 $18 (35. Kxd1 h5 $18)) 34. Qc1 Qxc1+ 35. Bxc1 Rc7 36. Be3 $2 (36. Bd2) 36... Bxb2 37. Rxg6 Kh7 ({Much less strong is} 37... Bxa3 38. Rb6 $19) 38. Ra6 Bxa3 39. Bxb5 Bb4+ 40. Kf2 (40. Ke2 {was the only defense.} a3 41. Bd4) 40... Rc2+ 41. Kg1 a3 $1 {[%cal Ra3a2] And now ...a2 would win.} 42. Bd3 {[#]} Rc3 (42... Rc5 $1 $19 {[%mdl 512]} 43. Bb1 (43. Bxc5 Bxc5+) 43... Rd5) 43. Bxf5+ $17 Kg8 44. Bd4 a2 {Hoping for ...Bc5.} 45. Ra8+ Kf7 46. Ra7+ {[#]} Ke8 $1 {aiming for ...Bc5!} 47. Bd7+ $2 {[%mdl 8192] This move loses the game for White.} (47. Kh2 $17) 47... Kf8 $19 48. Bxc3 Bc5+ (48... Bxc3 $142 49. Kf1 a1=Q+ 50. Rxa1 Bxa1) 49. Kf1 Bxa7 50. h5 (50. Ke2 $142) 50... Be3 51. f5 $2 (51. Ke2 $19 Bxf4 52. Kd3) 51... Ke7 {Black mates.} 52. Bc8 Bg5 53. Bb4+ Kf7 {Weighted Error Value: White=0.62/Black=0.39} 0-1

[Event "UKR-ch Women 2020"]
[Site "Kherson"]
[Date "2020.12.14"]
[Round "9.8"]
[White "Zinkevich, Julia"]
[Black "Barchuk, Irina"]
[Result "0-1"]
[WhiteElo "2178"]
[BlackElo "2075"]
[Annotator "TA"]
[PlyCount "84"]
[EventDate "2020.12.06"]
[EventType "swiss"]
[EventCountry "UKR"]
[SourceTitle "playchess.com"]
[Source "ChessBase"]
[SourceQuality "1"]

{[%evp 9,84,11,33,0,0,0,0,0,0,0,31,25,121,78,62,68,87,95,67,24,124,115,144,132,159,120,189,157,151,81,80,85,145,100,95,44,70,47,46,0,0,0,0,-12,0,0,0,-12,-13,-70,-60,-55,-4,-62,-69,-61,-52,-56,-40,-64,-77,-41,-62,-142,-93,-89,0,-122,-35,-50,-68,-29988,-29989,-29989,-792,-785,-770]} 1. d4 Nf6 2. Nf3 g6 3. e3 Bg7 4. Be2 O-O 5. O-O d6 6. b4 {A48: 1 d4 Nf6 2 Nf3 g6: Torre, London and Colle Systems.} e5 7. Bb2 exd4 8. Nxd4 {[#] The position is equal.} Nfd7 $146 ({Predecessor:} 8... a6 9. Nd2 Re8 10. a4 Nfd7 11. b5 Ne5 12. c4 Ned7 13. Bf3 Nc5 14. Bd5 Nbd7 {1-0 (54) Lorenc,T (2091)-Vojir,V (1789) Kouty nad Desnou 2009}) 9. Qc1 Qf6 {...c5 is the strong threat.} 10. Nc3 c5 (10... a5 $11) 11. Ndb5 cxb4 12. Na4 Qe7 13. Bxg7 Kxg7 14. Qb2+ f6 (14... Nf6 $11 {keeps the balance.}) 15. Qxb4 $16 Nc6 16. Qxd6 Nde5 17. Rfd1 Bf5 (17... Rf7 $16 18. Rac1 Bf5) 18. Qxe7+ Nxe7 19. Nd4 (19. f4 $142 Nf7 20. c4) 19... Rac8 20. Rac1 Nc4 ({Black should play} 20... Bd7) 21. Nxf5+ Nxf5 22. Rd7+ (22. Rb1 $16) 22... Rf7 $14 23. Rcd1 b5 24. Nc3 (24. Rd8 {feels hotter.} Rxd8 25. Rxd8 Rc7 26. e4 Ne7 27. Nc3) 24... Ncxe3 $1 25. fxe3 Rxc3 {[%mdl 64] Double Attack} 26. Bxb5 Rxc2 27. Rxf7+ Kxf7 $11 {[%mdl 4096] Endgame KRB-KRN} 28. Rd7+ Ke6 {White must now prevent ...a6.} 29. Rxa7 (29. Rxh7 $11 Nxe3 30. Rh3 Rc1+ 31. Kf2 Ng4+ 32. Kg3) 29... Nxe3 $15 30. g3 Rg2+ 31. Kh1 {aiming for Ra3.} Rb2 32. Bd7+ Ke5 {[%cal Rb2b1]} 33. Kg1 Rg2+ 34. Kh1 Rc2 {[%cal Rc2c1]} 35. Kg1 f5 36. Ra5+ (36. Be8 $1 $15) 36... Ke4 37. Ra4+ Ke5 (37... Kd5 $17 38. Ra6 Rc1+ 39. Kf2 Ng4+ {[%mdl 64] Double Attack} 40. Ke2 Rc2+ 41. Kd3 Rxh2 42. Ra5+ Kd6) 38. Ra3 (38. Ra5+ $1 $11 {was the only way to keep the balance.} Kf6 39. Bb5) 38... f4 ({Black should try} 38... Rc1+ $17 39. Kf2 Ng4+ 40. Ke2 Rc2+ 41. Kd3 Rxh2) 39. Ra5+ Kd6 {( -> ...f3)} 40. Bb5 $2 {[%mdl 8192]} (40. Bh3 $15) 40... f3 41. Ra6+ Kc5 (41... Ke5 $142 42. Bf1 f2+ 43. Kh1 {[#]} Rc1 $1 {[%mdl 512]} 44. Ra5+ Kf6 45. Ra6+ Kg7 46. Ra7+ Kh6 47. Rxh7+ Kxh7 48. h4 Rxf1+ 49. Kh2 Rh1+ $1 {[%mdl 576] Decoy, Clearance, Promotion} 50. Kxh1 f1=Q+ 51. Kh2 Ng4#) 42. Rf6 $19 Rc1+ {Never resign too early!  Weighted Error Value: White=0.40/Black=0.44} 0-1

[Event "UKR-ch Women 2020"]
[Site "Kherson"]
[Date "2020.12.14"]
[Round "9.9"]
[White "Tsirulnik, Maritsa"]
[Black "Yeshchenko, Uliana"]
[Result "1/2-1/2"]
[WhiteElo "2139"]
[BlackElo "1872"]
[Annotator "TA"]
[PlyCount "83"]
[EventDate "2020.12.06"]
[EventType "swiss"]
[EventCountry "UKR"]
[SourceTitle "playchess.com"]
[Source "ChessBase"]
[SourceQuality "1"]

{[%evp 15,83,9,6,0,-3,-32,-33,-28,-25,-33,-25,-20,-19,-34,-27,-42,-25,-21,-18,-16,-9,-30,-37,-31,-46,-60,-56,-43,-62,-78,-41,-100,-52,-122,-125,-129,-122,-122,-120,-134,-134,-127,-127,-129,-131,-139,-3,-5,-8,-10,0,-157,-170,-168,-166,-153,491,0,0,0,0,0,0,0,0,0,0,-13,0,0]} 1. d4 d5 2. c4 e6 3. g3 Nf6 4. Bg2 Be7 5. Nf3 O-O 6. O-O b6 7. Nc3 Bb7 8. Ne5 {8.cxd5 is the fancy move.} Nbd7 9. cxd5 {E18: Queen's Indian: Old Main Line (4 g3 Bb7 5 Bg2 Be7 6 0-0 0-0 7 Nc3).} Nxd5 10. Qb3 (10. Nxd5 {feels hotter.} exd5 11. Nd3 Re8 12. b4 c6 13. a4) 10... Nxc3 {[#]} 11. Qxc3 $146 {Black is slightly better.} ({Predecessor:} 11. bxc3 Bxg2 12. Kxg2 Nxe5 13. dxe5 Qd5+ 14. Qxd5 exd5 15. Be3 f6 16. Rad1 Rad8 17. exf6 Bxf6 {½-½ (26) Ngo,N-Pham,D Vung Tau 2002}) 11... Bxg2 12. Kxg2 Nxe5 13. dxe5 Qd5+ 14. f3 Qb5 15. Be3 Rac8 16. Kf2 Rfd8 17. Rfd1 Rd5 18. Rxd5 (18. a4 {seems wilder.} Qe8 19. Rd3 f6 20. Bf4 c6 21. Rc1) 18... exd5 19. Rd1 Qd7 20. Qd3 Rd8 21. g4 c5 22. b3 Qc6 23. a4 (23. Kg3 $15) 23... h6 24. Qa6 ({White should play} 24. Kg3 $15) 24... Qc7 25. Bf4 Bh4+ 26. Kg2 g5 27. Bc1 Qxe5 {Hoping for ...c4!} 28. Qd3 Re8 29. e3 {[#]} d4 $1 {[%mdl 512]} 30. exd4 Qe2+ (30... cxd4 $17 31. Qe4 Qb8) 31. Qxe2 Rxe2+ $11 {[%mdl 4096] Endgame KRB-KRB} 32. Kh3 Rf2 33. d5 $2 (33. dxc5 $11 Rxf3+ 34. Kg2 Rf2+ 35. Kh1) 33... Rxf3+ $17 34. Kg2 {[#]} Rf2+ $1 ({Don't blunder} 34... Rxb3 $2 35. d6 $18) 35. Kg1 {[#] Threatens to win with d6.} Rf6 $2 (35... Kf8 $1 $17 {and life is bright.} 36. d6 Ke8 37. d7+ Kd8) 36. Bb2 $2 (36. d6 $18 {aiming for d7.} Bf2+ 37. Kg2) 36... Bf2+ $11 {The position is equal.} 37. Kg2 Bd4 $1 38. Bxd4 cxd4 39. Rxd4 {Black must now prevent d6.} Kf8 $1 40. Re4 Rd6 41. Rd4 Rf6 42. Re4 {Weighted Error Value: White=0.38/Black=0.36} 1/2-1/2

[Event "UKR-ch Women 2020"]
[Site "Kherson"]
[Date "2020.12.14"]
[Round "9.10"]
[White "Mashchenko, Tamila"]
[Black "Martynkova, Olena"]
[Result "1/2-1/2"]
[WhiteElo "1768"]
[BlackElo "2222"]
[Annotator "TA"]
[PlyCount "79"]
[EventDate "2020.12.06"]
[EventType "swiss"]
[EventCountry "UKR"]
[SourceTitle "playchess.com"]
[Source "ChessBase"]
[SourceQuality "1"]

{[%evp 9,79,10,9,10,16,13,1,6,8,14,24,19,42,35,108,61,61,61,90,58,113,95,130,114,131,64,34,35,181,187,166,181,201,127,157,160,161,132,137,112,301,287,254,128,213,143,197,90,99,79,100,95,86,0,0,0,0,0,0,0,0,0,0,0,0,0,9,0,0,0,22,0]} 1. c4 b6 2. Nc3 Bb7 3. d3 e5 4. e4 Nc6 5. g3 Bc5 6. Bg2 {A10: English Opening: Unusual Replies for Black.} Nge7 {is the legacy move (6...d6).} (6... d6 {feels hotter.} 7. a3 a5 8. Rb1 Nge7 9. Nge2 Bc8) 7. Nge2 d6 8. a3 a5 {[#]} 9. Rb1 $146 ({Predecessor:} 9. Na4 Qd7 10. Nxc5 dxc5 11. Nc3 Nd4 12. Nd5 Nxd5 13. cxd5 c6 14. dxc6 Bxc6 15. a4 {0-1 (37) Piorun,K (2611)-Meier,G (2626) Moscow 2019}) 9... O-O 10. O-O Bc8 11. h3 f5 (11... Bb7 $14) 12. Kh2 fxe4 13. Nxe4 Bd7 14. f4 Bd4 ({Black should play} 14... Nf5 $1 $14) 15. b4 $16 {aiming for b5.} axb4 16. axb4 Nf5 17. Ng5 (17. b5 $16) 17... exf4 $14 18. Bxf4 Ra2 (18... h6 $14 19. Bd5+ Kh8) 19. Bd5+ $18 Kh8 20. c5 $1 Ra3 21. Nf7+ Rxf7 22. Bxf7 dxc5 23. bxc5 Bxc5 24. Ra1 Bc8 $2 (24... Qe7 $16 25. Rxa3 Bxa3) 25. Rxa3 Bxa3 {[#]} 26. g4 ({White has to play} 26. Qa4 $1 $18 {[%cal Ra4a3]} Qe7 27. Bh5 (27. Qxc6 Qxe2+ 28. Qg2 Qxg2+ 29. Kxg2 Bd6 $18)) 26... Nfd4 (26... Nh4 $16 {was worth a try.} 27. Bg3 Bb7) 27. Ng3 Bd6 {[#]} (27... Be6 $16) 28. Bd5 (28. Qe1 $1 $18 {is more deadly.} Bxf4 29. Rxf4) 28... Bxf4 $16 29. Rxf4 {Qf1 is the strong threat.} g5 30. Rf2 Qxd5 31. Qf1 ({Better is} 31. Rf8+ $16 Kg7 32. Rxc8) 31... Ne6 $1 $11 {[%cal Re6f4] [#] Threatens to win with ...Nf4.The position is equal.} 32. Rf8+ $1 {[%mdl 512]} Nxf8 33. Qxf8+ Qg8 34. Qf6+ Qg7 35. Qxc6 Bd7 36. Qxc7 {Strongly threatening Qd8+.} Qb2+ 37. Kh1 {And now Qd8+ would win.} Qa1+ 38. Kh2 Qb2+ 39. Kh1 {Black must now prevent Qd8+.} Qa1+ 40. Kh2 {Black defended with fortune.  Weighted Error Value: White=0.26/Black=0.24} 1/2-1/2